La niña del acerico / (Record no. 197087)

MARC details
000 -LEADER
campo de control de longitud fija 01270nam a2200313 i 4500
001 - NÚMERO DE CONTROL
campo de control 197087
003 - IDENTIFICADOR DE NÚMERO DE CONTROL
campo de control ES-ScRBPG
005 - FECHA Y HORA DE LA ÚLTIMA TRANSACCIÓN
campo de control 20250824063100.0
008 - DATOS DE LONGITUD FIJA--INFORMACIÓN GENERAL
campo de control de longitud fija 250403s2025 sp e 1 spa d
017 ## - NÚMERO DE COPYRIGHT O DE DEPÓSITO LEGAL
Número de copyright o de depósito legal LU 2-2025
Agencia que asigna Oficina Depósito Legal Lugo
020 ## - NÚMERO INTERNACIONAL ESTÁNDAR DEL LIBRO
Número Internacional Estándar del Libro 9788412906776
040 ## - FUENTE DE CATALOGACIÓN
Centro catalogador/agencia de origen BPL
Lengua de catalogación glg
Centro/agencia transcriptor ES-MaACL
080 1# - NÚMERO DE LA CLASIFICACIÓN DECIMAL UNIVERSAL
Número de la Clasificación Decimal Universal 821.134.2-31"20"*H
100 1# - ENTRADA PRINCIPAL--NOMBRE DE PERSONA
Nombre de persona Herrero Medina, Celia,
Fechas asociadas al nombre 1971-
9 (RLIN) 239960
Término indicativo de función/relación Autor
245 13 - MENCIÓN DEL TÍTULO
Título La niña del acerico /
Mención de responsabilidad, etc. Celia Herrero Medina.
260 ## - PUBLICACIÓN, DISTRIBUCIÓN, ETC.
Lugar de publicación, distribución, etc. Madrid :
Nombre del editor, distribuidor, etc. Publilar,
Fecha de publicación, distribución, etc. 2025,
Lugar de fabricación/manufactura ([S. l.]
Fabricante : Initium Lar).
300 ## - DESCRIPCIÓN FÍSICA
Extensión 457 páginas ;
Dimensiones 23 cm.
336 ## - TIPO DE CONTENIDO
Término de tipo de contenido texto
Fuente rdacontent
337 ## - TIPO DE MEDIO
Nombre/término del tipo de medio sen mediación
Fuente rdamedia
338 ## - TIPO DE SOPORTE
Nombre/término del tipo de soporte volume
Fuente rdacarrier
651 #0 - PUNTO DE ACCESO ADICIONAL DE MATERIA--NOMBRE GEOGRÁFICO
Nombre geográfico Andalucia-
Subdivisión general Historia-
Subdivisión cronológica 1936-1939 (Guerra civil)-
Subdivisión de forma Novelas
9 (RLIN) 239961
655 #7 - TERMINO DE INDIZACIÓN--GENERO/FORMA
Datos o término principal de género/forma Novelas históricas
9 (RLIN) 226782
Fuente del término tgfbne
852 ## - LOCALIZACIÓN
Ubicación ES-MaACL
Ubicación en estantería Depósito J
Número de control de estantería N-10528
Anotaciones manuscritas Dedicatoria autógrafa de la autora
Donativo/Legado Donación: Celia Herrero Medina
Encuadernación Encuadernación rústica con solapas
itemnumber 206651
903 ## - NOMBRE PERSONAL DE DONANTE
9 239960
a Herrero Medina, Celia,
d 1971-
e Donante
942 ## - ELEMENTOS DE ENTRADA SECUNDARIOS (KOHA)
Suprimir en OPAC No
Tipo de ítem Koha Libro impreso
Holdings
Estatus retirado Estado de pérdida Fuente del sistema de clasificación o colocación Estado de daño No para préstamo Colección Biblioteca de origen Biblioteca actual Ubicación en estantería Fecha de adquisición Fuente de adquisición Total de préstamos Signatura topográfica completa Código de barras Visto por última vez Precio de reemplazo Tipo de ítem Koha
    Clasificación decimal universal     Libros con dedicatorias Biblioteca del Ateneo de Madrid Biblioteca del Ateneo de Madrid Depósito J 22/08/2025 Donación   N-10528 2025-1027 22/08/2025 22/08/2025 Libro impreso